The complete rhyming dictionary and poet's craft book. (Record no. 949)

000 -LEADER
fixed length control field 00572nam a2200181 a 4500
001 - CONTROL NUMBER
control field :::00014128$&:&@@
003 - CONTROL NUMBER IDENTIFIER
control field OkBaRHE
005 - DATE AND TIME OF LATEST TRANSACTION
control field 20100325145252.0
008 - FIXED-LENGTH DATA ELEMENTS--GENERAL INFORMATION
fixed length control field s1936 j 000 0 eng u
040 ## - CATALOGING SOURCE
Transcribing agency
100 1# - MAIN ENTRY--PERSONAL NAME
Personal name Wood, Clement, 1888-1950.
245 14 - TITLE STATEMENT
Title The complete rhyming dictionary and poet's craft book.
260 ## - PUBLICATION, DISTRIBUTION, ETC. (IMPRINT)
Place of publication, distribution, etc New York, NY., :
Name of publisher, distributor, etc Halcyon House
Date of publication, distribution, etc 1936
300 ## - PHYSICAL DESCRIPTION
Extent 607 p. ;
Dimensions 23 cm.
650 ## - SUBJECT ADDED ENTRY--TOPICAL TERM
Topical term or geographic name as entry element Poetry
General subdivision Dictionaries
942 ## - ADDED ENTRY ELEMENTS (KOHA)
Source of classification or shelving scheme
Koha item type Books
Copies
Permanent Location Copy number Date last seen Barcode Price effective from Lost status Shelving location Koha item type Not for loan Damaged status Collection code Full call number Withdrawn status Date acquired Source of classification or shelving scheme
RHEMA Bible Training College12010-04-14141282010-04-14 General StacksBooks  ReferencePE 1519 .W62 2010-04-14